Origins and evolution of the European Union / (Record no. 12444)
[ view plain ]
| 000 -LEADER | |
|---|---|
| fixed length control field | 01731cam a22003494a 4500 |
| 001 - CONTROL NUMBER | |
| control field | 14226373 |
| 005 - DATE AND TIME OF LATEST TRANSACTION | |
| control field | 20070526170741.0 |
| 008 - FIXED-LENGTH DATA ELEMENTS--GENERAL INFORMATION | |
| fixed length control field | 060111s2006 enk b 001 0 eng |
| 010 ## - LIBRARY OF CONGRESS CONTROL NUMBER | |
| LC control number | 2006000904 |
| 020 ## - INTERNATIONAL STANDARD BOOK NUMBER | |
| International Standard Book Number | 0199267928 (alk. paper) |
| 020 ## - INTERNATIONAL STANDARD BOOK NUMBER | |
| International Standard Book Number | 9780199267927 (alk. paper) |
| 040 ## - CATALOGING SOURCE | |
| Original cataloging agency | DLC |
| Transcribing agency | DLC |
| Modifying agency | DLC |
| 042 ## - AUTHENTICATION CODE | |
| Authentication code | pcc |
| 043 ## - GEOGRAPHIC AREA CODE | |
| Geographic area code | e------ |
| 050 00 - LIBRARY OF CONGRESS CALL NUMBER | |
| Classification number | JN30 |
| Item number | .O75 2006 |
| 082 00 - DEWEY DECIMAL CLASSIFICATION NUMBER | |
| Classification number | 341.2422 |
| Edition number | 22 |
| Item number | ORI |
| 245 00 - TITLE STATEMENT | |
| Title | Origins and evolution of the European Union / |
| Statement of responsibility, etc | Edited by Desmond Dinan. |
| 260 ## - PUBLICATION, DISTRIBUTION, ETC. (IMPRINT) | |
| Place of publication, distribution, etc | Oxford [England] : |
| Name of publisher, distributor, etc | Oxford University Press, |
| Date of publication, distribution, etc | c2006. |
| 300 ## - PHYSICAL DESCRIPTION | |
| Extent | xviii, 362 p. ; |
| Dimensions | 25 cm. |
| 490 #4 - Series Statement | |
| Series statement | The new European Union series |
| 504 ## - BIBLIOGRAPHY, ETC. NOTE | |
| Bibliography, etc | Includes bibliographical references and index. |
| 610 20 - SUBJECT ADDED ENTRY--CORPORATE NAME | |
| Corporate name or jurisdiction name as entry element | European Union |
| General subdivision | History. |
| 9 (RLIN) | 8181 |
| 650 #0 - SUBJECT ADDED ENTRY--TOPICAL TERM | |
| Topical term or geographic name as entry element | European federation |
| General subdivision | History. |
| 9 (RLIN) | 8182 |
| 651 #0 - SUBJECT ADDED ENTRY--GEOGRAPHIC NAME | |
| Geographic name | Europe |
| General subdivision | Economic integration |
| -- | History. |
| 9 (RLIN) | 8183 |
| 700 1# - ADDED ENTRY--PERSONAL NAME | |
| Personal name | Dinan, Desmond, |
| Dates associated with a name | 1957- |
| 9 (RLIN) | 8184 |
| 856 41 - ELECTRONIC LOCATION AND ACCESS | |
| Materials specified | Table of contents only |
| Uniform Resource Identifier | <a href="http://www.loc.gov/catdir/toc/ecip066/2006000904.html">http://www.loc.gov/catdir/toc/ecip066/2006000904.html</a> |
| 856 42 - ELECTRONIC LOCATION AND ACCESS | |
| Materials specified | Publisher description |
| Uniform Resource Identifier | <a href="http://www.loc.gov/catdir/enhancements/fy0636/2006000904-d.html">http://www.loc.gov/catdir/enhancements/fy0636/2006000904-d.html</a> |
| 856 42 - ELECTRONIC LOCATION AND ACCESS | |
| Materials specified | Contributor biographical information |
| Uniform Resource Identifier | <a href="http://www.loc.gov/catdir/enhancements/fy0723/2006000904-b.html">http://www.loc.gov/catdir/enhancements/fy0723/2006000904-b.html</a> |
| 942 ## - ADDED ENTRY ELEMENTS (KOHA) | |
| Source of classification or shelving scheme | Dewey Decimal Classification |
| Item type | Book - Borrowing |
| Withdrawn status | Item status | Source of classification or shelving scheme | Damaged status | Not for loan | Vendor | Home library | Current library | Shelving location | Date acquired | Source of acquisition | Total Checkouts | Total Renewals | Full call number | Barcode | Date last seen | Date last borrowed | Koha item type | Public note |
|---|---|---|---|---|---|---|---|---|---|---|---|---|---|---|---|---|---|---|
| Dewey Decimal Classification | Donation-Gift | Central Library | Central Library | First floor | 28/07/2009 | Donation | 8 | 29 | 341.2422 ORI | 000017606 | 24/11/2025 | 12/11/2024 | Book - Borrowing | Donations - Dr. Bassem Ahmed Hassan |